ბათუმის შოთა რუსთაველის სახელმწიფო უნივერსიტეტის ბიბლიოთეკა

Menschen im Beruf - Tourismus A2 (ბიბ.ჩანაწერი № 49502)

000 -LEADER
fixed length control field 00748nam a2200265Ia 4500
001 - CONTROL NUMBER
control field 16430
003 - CONTROL NUMBER IDENTIFIER
control field GE_BSU
008 - FIXED-LENGTH DATA ELEMENTS--GENERAL INFORMATION
fixed length control field 181216s||||||||xx |||||||||||||| ||und||
020 ## - INTERNATIONAL STANDARD BOOK NUMBER
International Standard Book Number 9783191414245
040 ## - CATALOGING SOURCE
Transcribing agency GE_BSU
080 ## - UNIVERSAL DECIMAL CLASSIFICATION NUMBER
Universal Decimal Classification number 811.112+ 379.85
100 ## - MAIN ENTRY--PERSONAL NAME
Personal name Schuman,Anja Cordula Schurig,Brigitte Schaefer,Frauke van der Werff Frauke van der Werff
245 ## - TITLE STATEMENT
Title Menschen im Beruf - Tourismus A2
245 ## - TITLE STATEMENT
Remainder of title Deutsch als Fremdsprache
260 ## - PUBLICATION, DISTRIBUTION, ETC.
Place of publication, distribution, etc. Germany
260 ## - PUBLICATION, DISTRIBUTION, ETC.
Name of publisher, distributor, etc. Hueber Verlag
260 ## - PUBLICATION, DISTRIBUTION, ETC.
Date of publication, distribution, etc. 2015
300 ## - PHYSICAL DESCRIPTION
Extent 72p;ill,28cm
300 ## - PHYSICAL DESCRIPTION
Other physical details A2+mit Audio-CD
653 ## - INDEX TERM--UNCONTROLLED
Uncontrolled term Menschen im Beruf - Tourismus A1
653 ## - INDEX TERM--UNCONTROLLED
Uncontrolled term გერმანული ენა
653 ## - INDEX TERM--UNCONTROLLED
Uncontrolled term ტურიზმი
942 ## - ADDED ENTRY ELEMENTS (KOHA)
Koha item type წიგნი
ეგზემპლარები
Withdrawn status Lost status Damaged status Not for loan Date acquired Barcode Date last seen Price effective from Koha item type
        2018-12-17 41166 2018-12-17 2018-12-17 წიგნი